000 00734nam a22002297a 4500
003 OSt
005 20150408151039.0
008 150408b xxu||||| |||| 00| 0 eng d
020 _a1853174319
040 _cDNLM
082 _aWP 140 A65m 1997
100 _aLeibowitch Michele
_93563
245 _aA atlas of Vulval Disease:
_bA combined dermatological, Gynaecological and venereological approach /
_cMichele Leibowitch, [et...al]
250 _a2nd ed.
260 _aLondon:
_bMartin Dunitz;
_c1997.
300 _aix, 196p :
_bcol.ill ;
_c26 cm.
504 _aIncludes bibliographical references and index.
650 _aVulval Diseases
_93564
700 _aStaughton Richard
_93565
700 _a[et...al]
_9867
942 _2z
_cSLOAN
999 _c1342
_d1342